000
00306nam a2200109Ia 4500
008
180205s9999 xx 000 0 und d
020
_a
891710019
100
_a
Valentino, Richard
245
_c
Mufson, Phyllis
_a
Fabric printings:Screen method /
260
_a
California
_b
Bay books
_c
1975
300
_a
49 pages
999
_c
354679
_d
354679